El SIDA : Un asesino mundial.

Guardado en:
Formato: Deslizar
Series:La Aventura del Hombre
Materias:
Etiquetas: Agregar Etiqueta
Sin Etiquetas, Sea el primero en etiquetar este registro!
LEADER 00766ngm a22002175g 4500
001 CEM.cems021725
008 130507b1992##################0###0#####d
005 20240906150254.0
245 0 0 |a El SIDA :  |b Un asesino mundial. 
300 |a 45 
490 0 |a La Aventura del Hombre 
500 |a En soporte VHS, consultar en ventanilla. 
505 0 |a Avances de la enfermedad en el mundo. Formas de contagio. Testimonio de personas que han contraído la enfermedad. 
538 |a Soporte: VHS - Norma: Pal N - Color - Grabación DRD 1992 - Hitachi=2419 
082 5 7 |. 1/MOO 
653 |a SIDA 
653 |a SOCIOLOGIA 
653 |a ENFERMEDADES 
653 |a CONTAGIO 
653 |a NIVEL SECUNDARIO 
859 |a CEMS  |b BIB. CEMS - Depto. Recursos Didacticos  |h 575.1  |i MOO  |k DRD  |p 368.12  |t Ej.1